00811nam a2200205 a 450000100100000000500170001000800410002702000150006804000250008308200160010824501690012426000350029330000210032850400730034950400330042270000240045570000330047970000370051271000560054900002250120251120073732.0101012s1999 dr 000 0 spa d a8489548528 aDO-SdBNPbspacBNPHU axxxxbR426d03aLa República Dominicana en el umbral del siglo XXI :bcultura, política y cambio social /ceditores Ramonina Brea, Rosario Espinal y Fernando Valerio Holguín. aSanto Domingo :bPUCMM,c1999. a548 p. ;c23 cm. aIncluye referencias bibliográficas y notas al pie de las páginas aBibliografías : p. 541-5431 aBrea, Ramoninaeed.1 aEspinal, Rosariod1955-eed.1 aValerio Holguín, Fernandoeed.2 aPontificia Universidad Católica Madre y Maestra